MARC
| LEADER | 00000nam a22000003a 4500 | ||
|---|---|---|---|
| 001 | stu42834 | ||
| 005 | 20150617225720.5 | ||
| 008 | 940519s1987----cs------------------cze-d | ||
| 040 | |a STU |b slo | ||
| 041 | 0 | |a cze | |
| 044 | |a cs | ||
| 080 | |a 621.7 | ||
| 080 | |a 678.5(075.8) | ||
| 100 | 1 | |a Šafařík, Miloslav |4 aut | |
| 245 | 1 | |a Nástroje pro tváření kovů a plastů : |b Nástroje pro plasty / |c [aut.]Miloslav Šafařík | |
| 250 | |a 1.vyd. | ||
| 260 | |a Liberec : |b VŠST, |c 1987 | ||
| 300 | |a 227 s | ||
| 650 | 7 | |a tvárnenie |2 stusub | |
| 650 | 7 | |a plasty |2 stusub | |
| 650 | 7 | |a kovy |2 stusub | |
| 856 | 4 | |a https://sweb.mtf.stuba.sk/obsahy/Nastroje_pro_tvarneni_kovu_a_plastu_I_87 |u https://sweb.mtf.stuba.sk/obsahy/Nastroje_pro_tvarneni_kovu_a_plastu_I_87 |3 OBSAH | |
| 996 | |b 284M043801 |c M*S-521-7 |l MMKN |s A |a 24 |w stu42834_0002 | ||
| 996 | |b 284M020767 |c M*S-521-2 |l MMKN |s A |a 24 |w stu42834_0003 | ||
| 996 | |b 284M017705 |c M*S-521-4 |l MMKN |s A |a 24 |w stu42834_0004 | ||
| 996 | |b 284M020305 |c M*S-521-8 |l MMKN |s A |a 24 |w stu42834_0005 | ||
| 996 | |b 284M038671 |c M*S-521-11 |l MMKN |s A |a 24 |w stu42834_0006 | ||
| 996 | |b 284M077093 |c M*S-521-13 |l MMKN |s A |a 24 |w stu42834_0007 | ||
| 996 | |b 284M017691 |c M*S-521-1 |l MMKN |s A |a 24 |w stu42834_0008 | ||
| 996 | |b 284M018482 |c M*S-521-16 |l MMKN |s A |a 24 |w stu42834_0009 | ||